Biggest sources of immigrants to New Mexico - Statistics

General Stats
  • This quiz has been taken 23 times
  • The average score is 7 of 10
Answer Stats
Hint Answer % Correct
126,532 Mexico
95%
2,721 El Salvador
90%
5,362 Cuba
76%
3,169 United Kingdom
76%
2,337 Canada
71%
3,885 India
71%
4,205 Vietnam
71%
2,621 Germany
67%
2,142 Japan
67%
6,904 Philippines
62%
No matching quizzes found
Score Distribution
Percent of People with Each Score
Percentile by Number Answered
Your Score History
You have not taken this quiz